| 000 | 01037pam a2200289 a 4500 | ||
|---|---|---|---|
| 001 | 3488693 | ||
| 005 | 20170105102846.0 | ||
| 008 | 940922s1995 cou b 001 0 eng | ||
| 010 | _a 94038876 | ||
| 020 |
_a1555874134 (alk. paper) : _c$45.00 (est.) |
||
| 020 |
_a1555874274 (alk. paper : pbk.) : _c$18.95 (est.) |
||
| 040 |
_aDLC _cDLC _dDLC |
||
| 043 | _aa-cc--- | ||
| 050 | 0 | 0 |
_aDS779.27 _b.F38 1995 |
| 082 | 0 | 0 |
_a327.51009049 _220 |
| 100 | 1 |
_aFaust, John R., _d1930- |
|
| 245 | 1 | 0 |
_aChina in world politics / _cJohn R. Faust and Judith F. Kornberg. |
| 260 |
_aBoulder, Colo. : _bLynne Rienner Publishers, _c1995. |
||
| 300 |
_aix, 281 p. ; _c24 cm. |
||
| 504 | _aIncludes bibliographical references and index. | ||
| 651 | 0 |
_aChina _xForeign relations _y1976- |
|
| 651 | 0 |
_aChina _xPolitics and government _y1976-2002. |
|
| 700 | 1 |
_aKornberg, Judith F., _d1954- |
|
| 906 |
_a7 _bcbc _corignew _d1 _eocip _f19 _gy-gencatlg |
||
| 942 |
_2ddc _cBK |
||
| 999 |
_c14044 _d14044 |
||